| 000 | 00906cam a22002775a 4500 | ||
|---|---|---|---|
| 001 | 18234405 | ||
| 005 | 20201128023727.0 | ||
| 008 | 140721s2014 enka frbd 001 0 eng d | ||
| 020 | _a9781292016436 (print) | ||
| 040 |
_aDLC _beng _cDLC _dDLC _dEG-ScBUE |
||
| 082 | 0 | 4 |
_a658.4012 _222 _bEVA |
| 100 | 1 |
_aEvans, Vaughan, _d1951- _939873 |
|
| 245 | 1 | 0 |
_a25 need-to-know strategy tools / _cVaughan Evans. |
| 246 | 3 | _aTwenty-five need-to-know strategy tools | |
| 260 |
_aHarlow : _bPearson Education Limited, _c2014. |
||
| 300 |
_axxviii, 193 p. : _bill. ; _c22 cm. |
||
| 500 | _aGlossary : p. [173]-178. | ||
| 500 | _aIndex : p. [183]-193. | ||
| 504 | _aIncludes bibliographical references. | ||
| 650 | 7 |
_aStrategic planning. _2BUEsh _91643 |
|
| 650 | 7 |
_aOrganizational effectiveness. _2BUEsh _9891 |
|
| 650 | 7 |
_aManagement. _2BUEsh _9553 |
|
| 651 | _2BUEsh | ||
| 653 |
_bBUSADM _cApril2016 |
||
| 942 | _2ddc | ||
| 999 |
_c21664 _d21636 |
||